Elkab VIII : la tombe de Sétaou /

محفوظ في:

مؤلفون آخرون: Kruchten, Jean-Marie, Delvaux, Luc.

التنسيق: كتاب

اللغة: French

منشور في: Turnhout : Brepols, 2010.

سلاسل: Publications du Comite des Fouilles Belges en Egypte.
ElKab ; 8.

الموضوعات:

الوسوم: إضافة وسم

لا توجد وسوم, كن أول من يضع وسما على هذه التسجيلة!

رقم الطلب: DT73 .E43 E44 v.8

LEADER 01223nam a22003017a 4500
003 OSt
005 20251209070703.0
008 251209t2010 be he b 000 0 fre d
020 |a 9782503532868 
040 |c ARCE Library 
043 |a f-ua--- 
050 1 4 |a DT73 .E43  |b E44 v.8 
245 0 0 |a Elkab VIII :   |b la tombe de Sétaou /   |c par Jean-Marie Kruchten et Luc Delvaux ; préface de Luc Limme ; fac-similés des textes et reliefs par Françoise Roloux & Ilona Regulski. 
264 1 |a Turnhout :   |b Brepols,   |c 2010. 
300 |a 398 p. :   |b illustrations, plans ;  |c 29 cm. 
490 0 |a Publications du Comite des Fouilles Belges en Egypte.  
490 0 |a ElKab ;   |v 8. 
504 |a Includes bibliographical references. 
505 2 |a La tombe de Sétaou / par Jean-Marie Kruchten & Luc Delvaux ; préface de Luc Limme ; fac-similés des textes et reliefs par Françoise Roloux & Ilona Regulski. 
650 0 |a Excavations (Archaeology)  |z Egypt  |z Elkab (Extinct city) 
650 0 |a Inscriptions, Egyptian. 
651 0 |a Elkab (Extinct city)  |9 18521 
651 0 |a Egypt  |x Antiquities. 
700 1 |a Kruchten, Jean-Marie,   |9 34217 
700 1 |a Delvaux, Luc.  |9 28882 
901 |a reviewed 
942 |c BK  |2 lcc 
999 |c 16966  |d 16966